Κατάλογος Βιβλιοθηκών Mediterranean College

Αρχές Οικονομικής Θεωρίας / Με Αναφορές στις Ευρωπαϊκές Οικονομίες. (Record no. 6292)

MARC details
000 -LEADER
fixed length control field 02181cam a22002054a 4500
005 - ΗΜΕΡΟΜΗΝΙΑ ΚΑΙ ΩΡΑ ΤΕΛΕΥΤΑΙΑΣ ΕΝΗΜΕΡΩΣΗΣ
Πεδίο ελέγχου 20250901131004.0
008 - FIXED-LENGTH DATA ELEMENTS--GENERAL INFORMATION
Πεδίο ελέγχου σταθερού μήκους 250528s ||||||||||||||||||||||||d
035 ## - SYSTEM CONTROL NUMBER
System control number 21225
020 ## - ISBN
ISBN 9789600113297
040 ## - ΠΗΓΗ ΚΑΤΑΛΟΓΟΓΡΑΦΗΣΗΣ
Φορέας πρωτότυπης καταλογογράφησης MC Athens Campus Library
Γλώσσα καταλογογράφησης Ελληνικά, Μοντέρνα (1453-)
Modifying agency MC Athens Campus Library
Κανόνες περιγραφικής καταλογογράφησης AACR2
245 1# - ΤΙΤΛΟΣ ΚΑΙ ΔΗΛΩΣΗ ΥΠΕΥΘΥΝΟΤΗΤΑΣ
Τίτλος Αρχές Οικονομικής Θεωρίας / Με Αναφορές στις Ευρωπαϊκές Οικονομίες.
Number of part/section of a work Τόμος Β' - Μακροοικονομική
260 ## - PUBLICATION, DISTRIBUTION, ETC.
Name of publisher, distributor, etc. Gutenberg,
Date of publication, distribution, etc. 2010
300 ## - PHYSICAL DESCRIPTION
Extent 603
520 ## - SUMMARY, ETC.
Summary, etc. Άριστο βοήθημα των Οικονομικών Επιστημών. Η Οικονομική των Αγορών Εργασίας, Οι Αγορές των Συντελεστών της Παραγωγής, Εισοδήματα και Διακρίσεις, Εισοδηματική Ανισότητα και Φτώχεια, Τα Δεδομένα της Μακροοικονομικής, Η Μέτρηση του Εθνικού Εισοδήματος, Η Μέτρηση του Κόστους Ζωής, Η Πραγματική Οικονομία στη Μακροχρόνια Περίοδο, Παραγωγή και Οικονομική Μεγέθυνση, Η Αποταμίευση και η Επένδυση και το Χρηματοπιστωτικό Σύστημα, Τα Βασικά Χρηματοπιστωτικά Εργαλεία, Ανεργία, Χρήμα και Τιμές στη Μακροχρόνια Περίοδο, Το Νομισματικό Σύστημα, Αύξηση Χρήματος και Πληθωρισμός, Η Μακροοικονομική των Ανοικτών Οικονομιών, Η Μακροοικονομική της Ανοιχτής Οικονομίας: Βασικές Έννοιες, Βραχυχρόνιες Οικονομικές Διακυμάνσεις, Η Επίδραση της Νομισματικής και Δημοσιονομικής Πολιτικής στη Συνολική Ζήτηση, Ευρωπαϊκή Νομισματική ΈΈνωση, Τελικές Σκέψεις.
700 1# - ΠΡΟΣΘΕΤΗ ΑΝΑΓΡΑΦΗ--ΦΥΣΙΚΟ ΠΡΟΣΩΠΟ
Personal name Mankiw Gregory N
9 (RLIN) 2845
700 1# - ΠΡΟΣΘΕΤΗ ΑΝΑΓΡΑΦΗ--ΦΥΣΙΚΟ ΠΡΟΣΩΠΟ
Personal name Taylor, Mark P.
9 (RLIN) 7243
942 ## - ADDED ENTRY ELEMENTS (KOHA)
Koha item type Books
Holdings
Τύπος τεκμηρίου Βιβλιοθήκη Τρέχουσα τοποθεσία Barcode Αριθμός εισαγωγής Ημερομηνία απόκτησης Ταξιθετικό σύμβολο Αριθμός αντιτύπου Κατάσταση απόσυρσης Κατάσταση χαμένου Κατάσταση κατεστραμμένου Μη δανεισμός Σύνολο δανεισμών Ημερομηνία τελευταίας εμφάνισης Η τιμή ισχύει από
Books MC Athens Campus Library MC Athens Campus Library 9780000062918 5129 05/06/2025 330.01 MAN V.B 1           05/06/2025 05/06/2025

MC Athens Campus Library
Πατησίων 94 & Κοδριγκτώνος 13, 104 34
Πελλήνης 8 & Πατησίων 107, 112 51
Τ: +30 210 8899600

MC Thessaloniki Campus Library
Ίωνος Δραγούμη 21, 54625 | Ίωνος Δραγούμη 15, 54625
Τ: +30 2310 287779 – Τ: +30 2314 440300